Automatizovaný systém odberu vzoriek pre čistenie odpadových vôd

Salvato in:
Dettagli Bibliografici
Autore principale: Kulík, Martin (Autore)
Altri autori: Michniak, Pavol (Relatore della tesi)
Natura: Manoscritto Libro
Lingua:slovacco
Pubblicazione: Bratislava : STU v Bratislave FEI, 2022
Soggetti:
Accesso online:https://opac.crzp.sk/?fn=detailBiblioForm&sid=7E432E204D1F6C329D5C823802D8&seo=CRZP-detail-kniha
Tags: Aggiungi Tag
Nessun Tag, puoi essere il primo ad aggiungerne!!

MARC

LEADER 00000ntm a22000003a 4500
001 stuzp81797
003 SK-STU
005 20221121100521.1
007 ta
008 150427s2015----xo-----f-mn---000-0-slo-d
040 |a STU  |b slo 
041 0 |a slo 
044 |a xo 
100 1 |a Kulík, Martin  |u 033000  |4 aut  |U FEI Fakulta elektrotechniky a informatiky  |T FEI Ústav elektroniky a fotoniky  |X 80518  |U E030  |Y 549  |7 80518 
242 0 1 |a Automatic sampling systems for water treatment  |y eng 
245 1 0 |a Automatizovaný systém odberu vzoriek pre čistenie odpadových vôd 
260 |a Bratislava :  |b STU v Bratislave FEI,  |c 2022 
300 |a 83 s., príl. 
650 4 |a pokročilé oxidačné procesy  |2 slo 
650 4 |a odber kvapalných vzoriek  |2 slo 
650 4 |a čistenie odpadových vôd  |2 slo 
650 4 |a advanced oxidation processe  |2 eng 
650 4 |a liquid sampling  |2 eng 
650 4 |a wastewater treatment  |2 eng 
700 1 |a Michniak, Pavol  |u 033000  |k Z2  |4 ths  |U FEI Fakulta elektrotechniky a informatiky  |T FEI Ústav elektroniky a fotoniky  |X 35044  |U E030  |Y 549  |7 A000035044 
856 4 |u https://opac.crzp.sk/?fn=detailBiblioForm&sid=7E432E204D1F6C329D5C823802D8&seo=CRZP-detail-kniha